书目信息 |
| 题名: |
中医治未病养生有道全图解
|
|
| 作者: | 周运峰 , 杨建宇 总主编 ;严晓慧 主编 | |
| 分册: | 拔罐 | |
| 出版信息: | 郑州 河南科学技术出版社 2019 |
|
| 页数: | 149页 | |
| 开本: | 24cm | |
| 丛书名: | ||
| 单 册: | ||
| 中图分类: | R24-64 , R24 | |
| 科图分类: | ||
| 主题词: | 拔罐疗法--图解 | |
| 电子资源: | ||
| ISBN: | 978-7-5349-9129-5 | |
| 000 | 01009nam0 2200253 450 | |
| 001 | 2347724115 | |
| 005 | 20231204131642.99 | |
| 010 | @a978-7-5349-9129-5@dCNY98.00 | |
| 100 | @a20190406d2019 em y0chiy50 ea | |
| 101 | 0 | @achi |
| 102 | @aCN@b410000 | |
| 105 | @aa z 000yy | |
| 200 | 1 | @a中医治未病养生有道全图解@Azhong yi zhi wei bing yang sheng you dao quan tu jie@i拔罐@f周运峰,杨建宇总主编@g严晓慧,周运峰,杨建宇主编 |
| 210 | @a郑州@c河南科学技术出版社@d2019 | |
| 215 | @a149页@d24cm | |
| 330 | @a本书不仅解释了拔罐养生的种种困惑,同时取其精华,将拔罐必知的方法、适用证、禁忌证以及常用经穴、位置、主治、手法做了系统说明,针对日常保健、常见病防治做了精准的拔罐指导。让读者一看就懂,一学就会,一拔就灵,是家庭养生保健的必备手册。 | |
| 606 | 0 | @a拔罐疗法@j图解 |
| 690 | @aR24-64@v5 | |
| 690 | @aR24@v4 | |
| 701 | 0 | @a周运峰@Azhou yun feng@4总主编 |
| 701 | 0 | @a杨建宇@Ayang jian yu@4总主编 |
| 702 | 0 | @a严晓慧@Ayan xiao hui@4主编 |
| 801 | 0 | @aCN@b91MARC@c20190406 |
| 905 | @aZUCC@dR24@e32:4 | |
| 中医治未病养生有道全图解.拔罐/周运峰,杨建宇总主编/严晓慧,周运峰,杨建宇主编.-郑州:河南科学技术出版社,2019 |
| 149页;24cm |
| ISBN 978-7-5349-9129-5:CNY98.00 |
| 本书不仅解释了拔罐养生的种种困惑,同时取其精华,将拔罐必知的方法、适用证、禁忌证以及常用经穴、位置、主治、手法做了系统说明,针对日常保健、常见病防治做了精准的拔罐指导。让读者一看就懂,一学就会,一拔就灵,是家庭养生保健的必备手册。 |
| ● |
| 相关链接 |
|
|
|
正题名:中医治未病养生有道全图解
索取号:R24/32:4
 
预约/预借
| 序号 | 登录号 | 条形码 | 馆藏地/架位号 | 状态 | 备注 |
| 1 | 2001260413 | 2001260413 | 辽宁北方(第一批)/辽宁北方(第一批)/172/ [索取号:R24/32:4] | 在馆 | |
| 2 | 2001260414 | 2001260414 | 辽宁北方(第一批)/辽宁北方(第一批)/172/ [索取号:R24/32:4] | 在馆 | |
| 3 | 2001260415 | 2001260415 | 辽宁北方(第一批)/辽宁北方(第一批)/172/ [索取号:R24/32:4] | 在馆 | |
| 4 | 2001260416 | 2001260416 | 辽宁北方(第一批)/辽宁北方(第一批)/172/ [索取号:R24/32:4] | 在馆 | |
| 5 | 2001260417 | 2001260417 | 辽宁北方(第一批)/辽宁北方(第一批)/172/ [索取号:R24/32:4] | 在馆 | |
| 6 | 2001260418 | 2001260418 | 辽宁北方(第一批)/辽宁北方(第一批)/172/ [索取号:R24/32:4] | 在馆 |